000 00921nam a22002537a 4500
999 _c8345
_d8345
003 AR-CdUCM
008 190325b ||||| |||| 00| 0 spa d
020 _a84-301-0588-3
040 _aMUNICIPALIDAD PROVINCIAL DEL CUSCO
_cBIBLIOTECA MUNICIPAL DEL CUSCO
041 _hita
082 _22ed.
_a261 /
_bAR69
100 _aArias, Juan
_923429
245 _aLa ultima dimensión :
_bLibertad , conciencia, creatividad /
260 _aEspaña :
_bSigueme - Salamanca,
_c1974.
300 _a181 paginas ;
_c17 cm.
500 _aTitulo original :L´ultima dimensiones
505 _aContenido : El hombre en busca de si mismo -- Creatividad y libertad -- La libertad de conciencia -- Carta a los poderosos -- Carta a los esclavos...
650 _aDimensión
_923430
650 _aEvangelios
_93175
650 _aEsperanza
_93624
700 _aOrtiz, Alfonso (Traductor)
_923431
942 _2ddc
_cLIBROS
945 _awnts